000 00221 a2200097 4500
001 11782
100 _aDia, M.
245 _aAfrican nations and world solidarity
260 _a
_bThames and Hudson
_c
090 _c9038
_d9038
942 _aNUST-CAE
_cM
_c35865
999 _c246855
_d246855